Surgery (Record no. 9783)
[ view plain ]
| 000 -LEADER | |
|---|---|
| fixed length control field | 01086nam a22002057a 4500 |
| 005 - DATE AND TIME OF LATEST TRANSACTION | |
| control field | 20230620155121.0 |
| 008 - FIXED-LENGTH DATA ELEMENTS--GENERAL INFORMATION | |
| fixed length control field | 230620b ||||| |||| 00| 0 eng d |
| 020 ## - INTERNATIONAL STANDARD BOOK NUMBER | |
| International Standard Book Number | 9780702039942 |
| 050 ## - LIBRARY OF CONGRESS CALL NUMBER | |
| Classification number | RD37.R34(4e) |
| 100 ## - MAIN ENTRY--PERSONAL NAME | |
| 9 (RLIN) | Raftery, Andrew T. |
| 245 ## - TITLE STATEMENT | |
| Title | Surgery |
| Statement of responsibility, etc. | Andrew T. Raftery [et al} |
| 250 ## - EDITION STATEMENT | |
| Edition statement | 4th ed |
| 260 ## - PUBLICATION, DISTRIBUTION, ETC. | |
| Place of publication, distribution, etc. | London: |
| Name of publisher, distributor, etc. | Elsevier, |
| Date of publication, distribution, etc. | 2011. |
| 300 ## - PHYSICAL DESCRIPTION | |
| Extent | xii, 525pages: |
| Other physical details | ill; |
| Dimensions | 19cm |
| 500 ## - GENERAL NOTE | |
| General note | Includes index |
| 505 ## - FORMATTED CONTENTS NOTE | |
| Formatted contents note | Content: introduction to surgery--introduction to surgical techniques and practical procedures-- Investigative procedures--shock and trauma-- preoperative and postoperative care--infection and surgery--management of malignant disease-- head, neck and otorhinolaryngology-- Breast-- Endocrine surgery-- Abdominal wall and hernia-- Acute abdomen-- Alimentary track-- peripheral vascular disease-- urology-- orthopaedics-- neurosurgery-- plastic surgery and skin-- pasdiatric surgery-- organ and tissue transplantation-- gynaecology |
| 700 ## - ADDED ENTRY--PERSONAL NAME | |
| Personal name | Delbridge, Michael S. |
| 9 (RLIN) | 1768 |
| 700 ## - ADDED ENTRY--PERSONAL NAME | |
| Personal name | Wagstaff, Marcus J D |
| 9 (RLIN) | 1769 |
| 942 ## - ADDED ENTRY ELEMENTS (KOHA) | |
| Source of classification or shelving scheme | Library of Congress Classification |
| Koha item type | Books |
| Edition | 4TH ed |
| Withdrawn status | Lost status | Source of classification or shelving scheme | Damaged status | Not for loan | Collection code | Home library | Current library | Shelving location | Date acquired | Total Checkouts | Full call number | Barcode | Date last seen | Copy number | Price effective from | Koha item type |
|---|---|---|---|---|---|---|---|---|---|---|---|---|---|---|---|---|
| Library of Congress Classification | Non-fiction | WISCONSIN INTERNATIONAL UNIVERSITY COLLEGE, GHANA - MAIN LIBRARY | WISCONSIN INTERNATIONAL UNIVERSITY COLLEGE, GHANA - MAIN LIBRARY | General Stacks | 20/06/2023 | RD37.R34(4e) | Nurs/794/064/23 | 20/06/2023 | 1 | 20/06/2023 | Books | |||||
| Library of Congress Classification | Non-fiction | WISCONSIN INTERNATIONAL UNIVERSITY COLLEGE, GHANA - MAIN LIBRARY | WISCONSIN INTERNATIONAL UNIVERSITY COLLEGE, GHANA - MAIN LIBRARY | General Stacks | 20/06/2023 | RD37.R341(4e) | Nurs/795/065/23 | 20/06/2023 | 2 | 20/06/2023 | Books |
